Biology General Knowledge #1 - Statistics

General Stats
  • This quiz has been taken 1,380 times
  • The average score is 6 of 15
Answer Stats
Hint Answer % Correct
Tube that transports urine out of the body Urethra
82%
An organism that lives on/in a host, causing it harm and benefiting from it Parasite
76%
Light absorbing pigment found in plant cells Chlorophyll
72%
Type of protein that catalyses reactions Enzyme
54%
The process that drives evolution Natural selection
51%
The immediate energy source of the cell Adenosine triphosphate
49%
This English primatologist spent 60 years studying chimpanzees in Tanzania Jane Goodall
36%
The type of nucleic acid found in the Pfizer-BioNTech and Moderna Covid-19 vaccine Messenger RNA
31%
The situation where both alleles of a gene are the same Homozygous
29%
Type of neurone through which impulses travel from receptors to the CNS Sensory neurone
27%
The blind spot in the eye is caused by this Optic nerve
21%
The process by which DNA fragments can be separated by size Gel electrophoresis
15%
Scientific name given to flowering plants Angiosperms
13%
The cytoplasm of muscle cells Sarcoplasm
12%
Enzyme found in several body secretions that can hydrolyse bacteria Lysozyme
9%
No matching quizzes found
Score Distribution
Percent of People with Each Score
Percentile by Number Answered
Your Score History
You have not taken this quiz